| 000 | 00497nam a2200169 i 4500 | ||
|---|---|---|---|
| 001 | 44703 | ||
| 003 | ES-MaACL | ||
| 005 | 20230906161059.0 | ||
| 007 | t| | ||
| 008 | 030324s1983 sp ||||1| spa d | ||
| 245 | 0 | 0 | _aCine español 1982. |
| 260 |
_a[Madrid : _bDirección General de Cinematografía, _c1983] |
||
| 300 |
_a180 p. : _bil. ; _c22 cm. |
||
| 650 |
_aCine- _zEspaña. _911025 |
||
| 710 | 1 |
_aEspaña. _bDirección General de Cinematografía y Teatro. _93715 |
|
| 852 |
_aES-MaACL _jL-4458 |
||
| 999 |
_c44703 _d44703 |
||